000 00564nam a2200241Ia 4500
008 210210b2014 xxu||||| |||| 00| 0 eng d
020 _a9788129132741
041 _aeng
082 _a923.2 SINO
100 _aSINGH (K Natwar)
245 _aOne life is not enough: an autobiography
260 _aNew Delhi
_bRupa Publications India
_c2014
300 _axiii,410
650 _aOne
650 _anot
650 _alife
650 _ais
650 _aenough:
650 _aautobiography
650 _aan
690 _aAutobiography
906 _a068891
999 _c153065
_d153065